Systém výměny informací

Systém výmeny informácií v ČR. Zákon č. 76/2002 Zb. o integrovanej prevencii a obmedzovaní znečistenia v ČR a základný kameň tohto zákona - Systém výmeny informácií.

Guardado en:
Detalles Bibliográficos
Autor principal: Volejníková, Irena
Otros Autores: Hradecký, Pavel
Formato: Capítulo de libro
Lenguaje:checo
Materias:
Etiquetas: Agregar Etiqueta
Sin Etiquetas, Sea el primero en etiquetar este registro!

MARC

LEADER 00000naa$a2200000$$$4500
001 0023517
005 20221207104939.0
041 0 |a cze 
044 |a SK 
245 1 0 |a Systém výměny informací  |c Irena Volejníková, Pavel Hradecký 
520 |a Systém výmeny informácií v ČR. Zákon č. 76/2002 Zb. o integrovanej prevencii a obmedzovaní znečistenia v ČR a základný kameň tohto zákona - Systém výmeny informácií. 
610 2 0 |a rozvoj trvalo udržateľný 
610 2 0 |a výmena informácií 
610 2 0 |a zabezpečenie informačné 
610 2 0 |a Česko 
610 2 0 |a Európska únia 
100 1 |a Volejníková, Irena 
700 1 |a Hradecký, Pavel